| 000 | 00459nam a2200145Ia 4500 | ||
|---|---|---|---|
| 008 | 220214s9999 xx 000 0 und d | ||
| 100 | _aPetchpradab Phacharakamol | ||
| 245 | 0 | _aHydrothermal pretreatment of rubberwood for the saccharification process | |
| 260 |
_bIndustrial & Engineering Chemistry Research _c2009 |
||
| 300 | _a4587-4591 | ||
| 700 | _a6aMatsumara Yukihiko | ||
| 700 | _aCharinpanitkul Tawatchai | ||
| 700 | _aYoshida Takuya | ||
| 942 | _cRE | ||
| 999 |
_c45988 _d45988 |
||